| 000 | 00626nam a2200241 a 4500 | ||
|---|---|---|---|
| 999 |
_c4981 _d4981 |
||
| 001 | 4981 | ||
| 003 | BD-JhCC | ||
| 005 | 20171206121726.0 | ||
| 008 | 171206s1986 u a|||| || | 000 0 eng d | ||
| 035 | _a(BD-JhCC)4981 | ||
| 040 |
_aBD-JhCC _dBD-JhCC |
||
| 041 | _aeng | ||
| 082 |
_a425 _bROB 1986 |
||
| 100 | _aRobinett, Ralph F. | ||
| 245 |
_aKid Kit and The Catfish / _cRalph F. Robinett, |
||
| 260 |
_aU. S. A. _bD. C. Heath and Company, _c1986. |
||
| 300 |
_a30 p. : _bill. ; _c22 cm. |
||
| 650 | _aEnglish Language | ||
| 700 | _aBell, Paul W. | ||
| 700 | _aRojas, Pauline M. | ||
| 942 |
_2ddc _cBK |
||